000 00302nam a2200121Ia 4500
008 220204s9999 xx 000 0 und d
082 _a615.9
_bBAN;1
245 0 _aPesticide chemistry and modern toxicology
260 _aWashington
_bACS
_c1981
650 _aToxicology
700 _aS Kris
942 _cBK
999 _c37310
_d37310